| 000 | 00837cam a2200253 a 4500 | ||
|---|---|---|---|
| 001 | 10279 | ||
| 003 | BD-RjUL | ||
| 005 | 20211208234927.0 | ||
| 008 | 140123s1958 enka b 001 0 eng c | ||
| 035 |
_a(BD-RjUL)10327 _aOCLC ocm01001413 from D970731M |
||
| 040 |
_aITD _cITD _dUKM _dYSM _dOCL _dEQO _dBD-RjUL _beng |
||
| 041 | _aeng | ||
| 082 | 0 | 0 |
_a547.139 _bBRI 1958 |
| 100 | 1 |
_aBrown, G. I. _q(George Ingham) _931759 |
|
| 245 | 1 | 3 |
_aAn introduction to electronic theories of organic chemistry / _cby G.I. Brown. |
| 260 |
_aLondon : _bLongmans, Green, _c1958. |
||
| 300 |
_avii, 209 p. : _bill. ; _c19 cm. |
||
| 504 | _aIncludes bibliographical references and index. | ||
| 650 | 0 |
_aChemistry, Organic. _931760 |
|
| 650 | 0 |
_aChemistry, Physical and theoretical. _931761 |
|
| 942 |
_2ddc _cBK |
||
| 999 |
_c10279 _d10279 |
||